Comparative and international human rights / (Record no. 65883)

MARC details
000 -LEADER
fixed length control field 00505nam a22001577a 4500
005 - DATE AND TIME OF LATEST TRANSACTION
control field 20120501123934.0
020 ## - INTERNATIONAL STANDARD BOOK NUMBER
International Standard Book Number 8172730209
Terms of availability 500.00
035 ## - SYSTEM CONTROL NUMBER
System control number A-991891
037 ## - SOURCE OF ACQUISITION
Stock number DPL
Source of stock number/acquisition ENG
100 ## - MAIN ENTRY--PERSONAL NAME
Personal name Thakur, L K
245 ## - TITLE STATEMENT
Title Comparative and international human rights /
Statement of responsibility, etc by L K Thakur
260 ## - PUBLICATION, DISTRIBUTION, ETC. (IMPRINT)
Place of publication, distribution, etc Delhi
Name of publisher, distributor, etc Authorpress
Date of publication, distribution, etc 2000
300 ## - PHYSICAL DESCRIPTION
Extent v, 344p.
Dimensions 20 cms.
942 ## - ADDED ENTRY ELEMENTS (KOHA)
Source of classification or shelving scheme Dewey Decimal Classification
Item type English Books
Classification part 323
Call number suffix THA
Holdings
Withdrawn status Lost status Not for loan Collection code Home library Current library Date acquired Cost, normal purchase price Full call number Barcode Cost, replacement price Koha item type
      Non-fiction Sarojini Nagar Sarojini Nagar 01/05/2012 500.00 323 THA A-991891 500.00 English Books

© Delhi Public Library
Hit Counter
free hit counter